OECD Economic Surveys: Chile 2018 February 2018

Gespeichert in:
Bibliographische Detailangaben
Format: Buch
Sprache:Englisch
Veröffentlicht: Paris OECD 2018
Schriftenreihe:OECD Economic Surveys
Schlagworte:
Tags: Tag hinzufügen
Keine Tags, Fügen Sie das erste Tag hinzu!

MARC

LEADER 00000nam a2200000 4500
001 0251158
005 20221220065727.7
020 |a 978-92-64-29040-2 
041 0 |a eng 
044 |a FR 
245 1 0 |a OECD Economic Surveys: Chile 2018  |b February 2018 
264 1 |a Paris  |b OECD  |c 2018 
300 |a 170 s. 
490 1 |a OECD Economic Surveys 
830 0 |a OECD Economic Surveys 
610 2 0 |a situácia hospodárska 
610 2 0 |a makroekonomika 
610 2 0 |a vývoz 
610 2 0 |a obchod medzinárodný 
610 2 0 |a reformy štruktúrne 
610 2 0 |a komodity 
610 2 0 |a liberalizácia 
610 2 0 |a investície 
610 2 0 |a politika 
610 2 0 |a trh práce 
610 2 0 |a spotreba domácností 
610 2 0 |a blahobyt 
610 2 0 |a kvalita vzdelávania 
610 2 0 |a nezamestnanosť 
610 2 0 |a porovnanie štatistické medzinárodné 
610 2 0 |a Čile